[Event "BAN-chB 44th"]
[Site "Dhaka"]
[Date "2018.11.13"]
[Round "1"]
[White "Faizul, Anam"]
[Black "Husain, Ejaz"]
[Result "0-1"]
[WhiteElo "1805"]
[BlackElo "2003"]
[PlyCount "62"]
[EventDate "2018.11.13"]
[EventType "swiss"]
[EventRounds "9"]
[EventCountry "BAN"]
[SourceTitle "CBM 187 Extra"]
[Source "ChessBase"]
[SourceDate "2018.11.04"]
[SourceVersion "1"]
[SourceVersionDate "2018.11.04"]
[SourceQuality "1"]

1. d4 d5 2. Nf3 c6 3. c4 e6 4. Nc3 Nf6 5. Bg5 Nbd7 6. e3 Qa5 7. Qb3 Ne4 8. Bf4 Nb6 9. Bc7 dxc4 10. Bxc4 Qb4 11. Bxb6 axb6 12. 0-0 Qxb3 13. axb3 Rxa1 14. Rxa1 Nd6 15. Ra8 Kd7 16. Bd3 f6 17. e4 Nf7 18. d5 exd5 19. exd5 Nd6 20. Nd4 Kc7 21. f4 g6 22. h3 Bg7 23. dxc6 bxc6 24. Ra7+ Nb7 25. Be4 f5 26. Ncb5+ cxb5 27. Ne6+ Kb8 28. Rxb7+ Bxb7 29. Bxb7 Kxb7 30. Nxg7 Kc6 31. Kf2 Kd5 0-1

[Event "BAN-chB 42nd"]
[Site "Dhaka"]
[Date "2016.10.20"]
[Round "1"]
[White "Uten"]
[Black "Faizul, Anam"]
[Result "0-1"]
[WhiteElo "2141"]
[BlackElo "1840"]
[PlyCount "88"]
[EventDate "2016.10.20"]
[EventType "swiss"]
[EventRounds "11"]
[EventCountry "BAN"]
[SourceTitle "CBM 175 Extra"]
[Source "ChessBase"]
[SourceDate "2016.12.12"]
[SourceVersion "1"]
[SourceVersionDate "2016.12.12"]
[SourceQuality "1"]

1. e4 e5 2. Nf3 Nf6 3. Nc3 Bb4 4. Bc4 Nxe4 5. Qe2 Nxc3 6. dxc3 Be7 7. Qxe5 0-0 8. 0-0 Nc6 9. Qh5 d6 10. Bg5 Ne5 11. Nxe5 dxe5 12. Rad1 Bd7 13. Bxe7 Qxe7 14. Rfe1 Rae8 15. Re4 g6 16. Qh6 Kh8 17. h4 Bf5 18. Re2 Bg4 19. f3 Qc5+ 20. Kh2 Qxc4 21. Re4 Qxe4 22. fxe4 Bxd1 23. Qd2 Rd8 24. Qf2 b6 25. Qf6+ Kg8 26. Qxe5 Rd7 27. Kh3 Bxc2 28. h5 f6 29. Qe6+ Rdf7 30. Kh4 Kg7 31. g4 g5+ 32. Kg3 Rd8 33. e5 Rd3+ 34. Kh2 Rd2+ 35. Kg3 Rd3+ 36. Kh2 Rf3 37. Kg2 Rf4 38. Kg3 h6 39. b4 fxe5 40. Qxe5+ R4f6 41. c4 Kh7 42. c5 Rf4 43. Qe6 Be4 44. Qc4 Rf3+ 0-1